| Registos Bibliográficos associados ao registo de autoridade |
|
Etiqueta de registo: 00671cam 02200205 04500 001 640909 003 http://id.bnportugal.gov.pt/bib/catbnp/640909 005 19990105000000.0 095 ## $aPTBN00852550 100 ## $a19970204d192 m y0pory0103 ba 101 0# $apor 102 ## $aPT 200 1# $aMemorias de Eduardo Brazão que seu filho compilou e Henrique Lopes de Mendonça prefacía 205 ## $aEd. especial para o Brasil 210 #9 $a[Lisboa]$cEmp. da Revista de Teatro,$d[192-] 215 ## $a248, [3] p.$cil.$d20 cm 700 #1 $aBrasão,$bEduardo,$f1851-1925$353574 702 #1 $aBrasão,$bEduardo,$f1907-1987$4220$317029 702 #1 $aMendonça,$bHenrique Lopes de,$f1856-1931$4080$354762 801 #0 $aPT$bBN$gRPC 966 ## $lBN$mFGMON$sH.G. 3295 P. 997 ## $aBIBEOD
Etiqueta de registo: 00775cam 02200241 04500 001 258111 003 http://id.bnportugal.gov.pt/bib/catbnp/258111 005 19981205195400.0 095 ## $aPTBN00268601 100 ## $a19930209d1925 m y0pory0103 ba 101 0# $apor 102 ## $aPT 200 1# $aMemórias$fde Eduardo Brazão$gque seu filho compilou$ge Henrique Lopes de Mendonça prefacia 205 ## $a2ª ed 210 #9 $a[Lisboa]$cEmp. da Revista de Teatro,$d[1925] 215 ## $a248, [2] p.$d20 cm 700 #1 $aBrasão,$bEduardo,$f1851-1925$353574 702 #1 $aBrasão,$bEduardo,$f1907-1987$4220$317029 702 #1 $aMendonça,$bHenrique Lopes de,$f1856-1931$4080$354762 801 #0 $aPT$bBN$gRPC 966 ## $lBN$mFGMON$pDoaðc─ao Brito Rato$sB.R. 14652$x3 966 ## $lBN$mFGMON$sH.G. 19347 P. 998 ## $aCR748-117
Etiqueta de registo: 00666cam 02200205 04500 001 949759 003 http://id.bnportugal.gov.pt/bib/catbnp/949759 005 19990617000000.0 095 ## $aPTBN00964098 100 ## $a19980310d192 m y0pory0103 ba 101 0# $apor 102 ## $aPT 200 1# $aMemorias de Eduardo Brazão que o seu filho compilou e Henrique Lopes de Mendonça prefacía 205 ## $a3ª ed 210 #9 $a[Lisboa]$cEmpr. da Revista de Teatro,$d[192-] 215 ## $a[6], 248, [3] p.$cil.$d21 cm 700 #1 $aBrasão,$bEduardo,$f1851-1925$353574 702 #1 $aBrasão,$bEduardo,$f1907-1987$4220$317029 702 #1 $aMendonça,$bHenrique Lopes de,$f1856-1931$4080$354762 801 #0 $aPT$bBN$gRPC 966 ## $lBN$mFGMON$sH.G. 14740 P. 997 ## $aBIBEOD
Etiqueta de registo: 00649cam 022002051 04500 001 548151 003 http://id.bnportugal.gov.pt/bib/catbnp/548151 005 19990103000000.0 095 ## $aPTBN00752747 100 ## $a19950717d1953 m y0pory01030103ba 101 1# $apor 102 ## $aPT 105 ## $ay z 000yy 106 ## $ar 200 1# $aFédora$edrama em 4 actos$fVictorien Sardou$gtrad. de A. Abranches e E. Brasão 210 #9 $aLisboa$cLivraria Popular de Francisco Franco,$d[D.L. 1953] 215 ## $a64 p.$d20 cm 225 2# $aBiblioteca dramática popular$v75 700 #1 $aSardou,$bVictorien,$f1831-1908$3109606 702 #1 $aBrasão,$bEduardo,$f1851-1925$4730$353574 702 #1 $aAbranches,$bAristides,$f1832-1892$4730$3592 801 #0 $aPT$bBN$gRPC 966 ## $lBN$mFGMON$sL. 42788//5 P. 997 ## $aBIBEOD
Etiqueta de registo: 00674cam 02200205 04500 001 634406 003 http://id.bnportugal.gov.pt/bib/catbnp/634406 005 19990105000000.0 095 ## $aPTBN00846025 100 ## $a19961125d1925 m y0pory0103 ba 101 0# $apor 102 ## $aPT 200 1# $aMemórias$fde Eduardo Brazão$gque seu filho compilou$ge Henrique Lopes de Mendonça prefacia 205 ## $a1ª ed 210 #9 $a[Lisboa]$cEmp. da Revista de Teatro,$d[1925] 215 ## $a248, [2] p.$d20 cm 700 #1 $aBrasão,$bEduardo,$f1851-1925$353574 702 #1 $aBrasão,$bEduardo,$f1907-1987$4220$317029 702 #1 $aMendonça,$bHenrique Lopes de,$f1856-1931$4080$354762 801 #0 $aPT$bBN$gRPC 966 ## $lBN$mFGMON$pDoaðc─ao Brito Rato$sB.R. 12120 997 ## $aBIBEOD
Etiqueta de registo: 01118cbm 022003131 04500 001 292074 003 http://id.bnportugal.gov.pt/bib/catbnp/292074 005 20030124112900.0 095 ## $aPTBN00303978 100 ## $a19860212d1930 k y0pora0103 ba 101 0# $apor 102 ## $aPT 200 1# $aEnvelhecendo$elever de rideau$fpor Eduardo Brazão 210 #1 $d1930 215 ## $a[8] f.$d34 cm 300 ## $aMs. (cópia de C. S., provavelmente Cunha e Silva) 300 ## $aPeça em 1 acto 300 ## $aNa f. de rosto, a data 1925 (data do original?) 300 ## $aPert.: Cunha e Silva (carimbo) 700 #1 $aBrasão,$bEduardo,$f1851-1925$353574 702 #1 $aSilva,$bCunha e$fca 18--$4700$3124356 702 #1 $aMartinho,$bEduardo Antunes,$fca 18- -$4390$381682 801 #0 $aPT$bBN$gRPC 856 40 $uhttps://purl.pt/49235 856 41 $uhttps://purl.pt/49235/service/media/cover/low 856 49 $uhttps://purl.pt/49235/service/media/pdf$qapplication/pdf 958 ## $aBND$bLivre$cDigitalizado$d1$ehttps://purl.pt/49235/service/media/cover/max 966 ## $lBN$mRESMAN$sCOD. 12321 995 ## $aPRR2022 $d20231115$idfontes$zBND
Etiqueta de registo: 01370cbm 2200325 i 450 001 888645 003 http://id.bnportugal.gov.pt/bib/catbnp/888645 005 19990712114100.0 095 ## $aPTBN01016719 100 ## $a19981028d1906 k y0pory0103 ba 101 0# $apor 102 ## $aPT 200 1# $a O desforço$bManuscrito$epeça em 4 actos$foriginal de José Piza e Arthur Guimarães 210 #1 $d1906 215 ## $a[2] f., 30 p. ;$d32 cm 300 ## $aCópia 300 ## $aCompra a Leiria e Nascimento, Leilão de 18/6/98, nº 730 304 ## $aDedicatória dos autores ao actor Eduardo Brasão (1851-1925) 304 ## $aOutra peça da autoria de A. Guimarães (1871-1931) e J. Piza: O destino : peça em 4
actos . - Lisboa : Typ. da "A Editora", 1905 700 #1 $aGuimarães,$bArtur,$f1871-1931$341231 701 #1 $aPiza,$bJosé$3899056 702 #1 $aBrasão,$bEduardo,$f1851-1925$4280$353574 712 02 $aWorld Legend - Leiria e Nascimento$4390$312521 801 #0 $aPT$bBN$gRPC 856 40 $uhttps://purl.pt/50708 856 41 $uhttps://purl.pt/50708/service/media/cover/low 856 49 $uhttps://purl.pt/50708/service/media/pdf$qapplication/pdf 958 ## $aBND$bLivre$cDigitalizado$d1$ehttps://purl.pt/50708/service/media/cover/max 966 ## $lBN$mRESMAN$pLeiria e Nascimento, Leilão 18/6/98, nº 730$sCOD. 13319$x2 995 ## $aPRR2022 $d20231115$idfontes$zBND
Etiqueta de registo: 00676cam 02200205 04500 001 941925 003 http://id.bnportugal.gov.pt/bib/catbnp/941925 005 19990616000000.0 095 ## $aPTBN00956260 100 ## $a19980204d1925 m y0pory0103 ba 101 0# $apor 102 ## $aPT 200 1# $aMemórias de Eduardo Brazão que seu filho compilou$fe Henrique Lopes de Mendonça prefacía 205 ## $a4ª ed 210 #9 $aLisboa$cEmpr. da Revista de Teatro,$d[1925] 215 ## $a[6] p., 1 retr., 248, [3] p.$cil.$d21 cm 700 #1 $aBrasão,$bEduardo,$f1851-1925$353574 702 #1 $aBrasão,$bEduardo,$f1907-1987$4220$317029 702 #1 $aMendonça,$bHenrique Lopes de,$f1856-1931$4080$354762 801 #0 $aPT$bBN$gRPC 966 ## $lBN$mFGMON$sH.G. 13994 P.
Etiqueta de registo: 00850cam 02200265 04500 001 471007 003 http://id.bnportugal.gov.pt/bib/catbnp/471007 005 19990101000000.0 095 ## $aPTBN00673582 100 ## $a19941123d192 m y0pory0103 ba 101 0# $apor 102 ## $aPT 106 ## $ar 200 1# $aMemórias de Eduardo Brazão que o seu filho compilou e Henrique Lopes de Mendonça prefacía 205 ## $a1ª ed 210 #9 $a[Lisboa]$cEmp. da revista de Teatro,$d[192-] 215 ## $a248, [3] p.$cil.$d20 cm 700 #1 $aBrasão,$bEduardo,$f1851-1925$353574 702 #1 $aBrasão,$bEduardo,$f1907-1987$4220$317029 702 #1 $aMendonça,$bHenrique Lopes de,$f1856-1931$4080$354762 801 #0 $aPT$bBN$gRPC 966 ## $lBN$mFGMON$sH.G. 21851 P. 966 ## $lBN$mFGMON$sH.G. 21852 P. 966 ## $lBN$mFGMON$sH.G. 21853 P. 966 ## $lBN$mFGMON$sL. 28734 P. 997 ## $aBIBEOD
Etiqueta de registo: 00254nbm 2200025 450 001 2084814 003 http://id.bnportugal.gov.pt/bib/catbnp/2084814 100 ## $a20211116g18801889k y0pory01030103ba 101 1# $apor$cfre 102 ## $aPT 105 ## $ay z 000yy 106 ## $ah 200 1# $a Os burgueses de Pontarcy$ecomedia em 5 actos$fde Victorien Sardou$gtraducção de S. Chaves d'Aguiar$bManuscrito] 210 #1 $d1880-1889 215 ## $a[II] f., [336] p.$d34 cm 300 ## $aCópia com emendas. rasuras e supressões 304 ## $aTradução da peça em francês "Les bourgeois de Pontarcy" 307 ## $aFolhas em falta, mutiladas: [277-280] 307 ## $aFolhas em branco: [328-333], [335-336] 307 ## $aNotas de encenação a lápis 307 ## $aDidascálias destacadas a vermelho 307 ## $aEsquema do palco: f. [II v.], p. [55], [136] 307 ## $aEncadernação meia francesa com lombada e cantos em precalina e pastas de cartão revestidas
a papel marmoreado 316 ## $aCota antiga: Y-4-121 317 ## $aMarca de posse de Eduardo Brazão, manuscrita na folha de título e riscada: "Ed. Brazão",
e manuscrita no rótulo colado na pasta anterior: "Pertence a Eduardo Brazão" 317 ## $aCódice integra um conjunto de 7 volumes de peças teatrais doados por José A. Moniz
à Biblioteca Nacional (COD. 8035-COD. 8041) 327 1# $aLista de personagens e atores (f. [II])$aVisto da delegacia de polícia da cidade do Desterro e Campinas. 1880 (p. [1])$aVisto do Conservatório Dramático do Rio de Janeiro. 1880 (p. [1]) 700 #1 $aSardou,$bVictorien,$f1831-1908$3109606 702 #1 $aMoniz,$bJosé António,$f1849-1917$4390$363424 702 #1 $aBrasão,$bEduardo,$f1851-1925$4390$353574 801 #0 $aPT$bBN$gRPC 966 ## $lBN$mRESMAN$nR. 10186$sCOD. 8037$x3 997 ## $aBIBEOD
Etiqueta de registo: 00254nbm 2200025 450 001 2084740 003 http://id.bnportugal.gov.pt/bib/catbnp/2084740 100 ## $a20211116d1880 k y0pory01030103ba 101 1# $apor 102 ## $aPT 105 ## $ay z 000yy 106 ## $ah 200 1# $aDora$edrama em 5 actos$ftraducção de Carlos de Carvalho$bManuscrito] 210 #1 $d1880 215 ## $a175 f.$d33 cm 300 ## $aCópia com emendas, rasuras e supressões 304 ## $aTradução do drama de Victorien Sardou, representado no Teatro D. Maria II, segundo
nota manuscrita na folha de guarda 307 ## $aFolha não numerada e mutilada entre as f. 125 e 126 307 ## $aNotas de encenação 307 ## $aEncadernação meia francesa com lombada e cantos em pele verde e pastas de cartão revestidas
a precalina; lombada com ferros gravados a ouro 316 ## $aCota antiga: Y-4-120 317 ## $aMarca de posse de Eduardo Brazão, manuscrita na folha de título, riscada: "Pertence
a Ed. Brazão" 317 ## $aCódice integra um conjunto de 7 volumes de peças teatrais doados por José A. Moniz
à Biblioteca Nacional (COD. 8035-COD. 8041) 321 1# $aReferido em: Bastos, António de Sousa - Carteira do artista : apontamentos para a
história do theatro portuguez e brazileiro acompanhados de notícias sobre os principaes
artistas, escriptores dramaticos e compositores estrangeiros. Lisboa : Antiga Casa
Bertrand, 1898 327 1# $aLicença de representação no Teatro de São Pedro de Alcântara, ou noutro qualquer do
Brasil, dada por Simões e Companhia. Rio de Janeiro, 14 maio 1880$aLista de personagens e atores (f. 2)$aVisto da delegacia de polícia da cidade do Desterro. 1880 (f. 3)$aVisto do Conservatório Dramático do Rio de Janeiro. 1880 (f. 3) 700 #1 $aSardou,$bVictorien,$f1831-1908$3109606 702 #1 $aMoniz,$bJosé António,$f1849-1917$4390$363424 702 #1 $aBrasão,$bEduardo,$f1851-1925$4390$353574 801 #0 $aPT$bBN$gRPC 966 ## $lBN$mRESMAN$sCOD. 8036$x3 997 ## $aBIBEOD
Etiqueta de registo: 01155nkm 2200265 450 001 1806190 003 http://id.bnportugal.gov.pt/bib/catbnp/1806190 100 ## $a20180416f19021907am y0pory01030103ba 101 0# $apor 102 ## $aPT 200 1# $aTheatro, Portugal$bVisual gráfico] 210 #9 $a[Lisboa$cPaulo Emilio Guedes,$dentre 1902 e 1907] 215 ## $a97 postais$cp&b e color.$d14x9 cm ou 9x14 cm 225 2# $aTheatro [ Paulo Guedes & Saraiva]$v1-80$v82-87$v92$v104$v106-109$v1135-115$v117 225 2# $aPortugal [ Paulo Guedes & Saraiva]$v189$v238$v360-375$v397$v717-724$v971-995$v1031-1045$v1076, 1077$v1079-1084$v1089$v1101$v1103-1106$v1110-1112$v1114 300 ## $aCatalogação analítica dos exemplares repetidos 306 ## $aIdentificação do editor a partir de monograma n.º 1 a 39 306 ## $aDatação em conformidade com as referências externas 307 ## $aVariante, p&b., n.º 5, 15 (P.I. 13090 P., P.I. 13089 P.) 308 ## $aEm falta, n.º 81, 88-91, 93-103, 105, 110 a 112, 116 316 ## $aAusência de suporte na margem superior (P.I. 30523 P.) 316 ## $aPostais não circulados 321 1# $aCatalogo dos bilhetes postaes illustrados de Paulo Guedes & Saraiva. Lisboa: Pap.
e Typ. de Paulo Guedes & Saraiva, 1905, p. 42 321 1# $aVicente de Sousa - Portugal no 1.º quartel do séc. XX documentado pelo bilhete postal
ilustrado. Bragança: CM, 1985, p. 34 327 11 $a1: "Onze papeis do Brazão" / cliché Brazão (P.I. 4074 P.)$a2: "A ceia dos Cardeaes, representada pela 1.ª vez a 24 de Março de 1902" (P.I. 30294
P.)$a3: "Alda, da peça «Alfageme de Santarem» pela actriz Rosa Damasceno (4.º acto)" /
cliché de Bobone (P.I. 4091 P.)$a4: "Rainha Isabel, da peça «Affouso VI» pela actriz Rosa Damasceno (2.º acto)" / cliché
de Bobone (P.I. 4090 P.)$a5: "Ermelinda, da peça «Os Velhos», pela actriz Rosa Damasceno «Lá vem o Sr. Julio...»
(2.º acto)" / cliché de Bobone (P.I. 4089 P.)$a6: "Suzel, da peça «Amigo Fritz» pela actriz Rosa Damasceno" / cliché de Bobone (P.I.
4088 P.)$a7: "Hamlet, pelo actor Eduardo Brazão ... (último acto)" / cliché de Bobone (P.I.
4103 P.)$a8: "Kean, pelo actor Eduardo Brazão... (3.º quadro)" / cliché de Bobone (P.I. 4102
P.)$a9: "Roberto, da peça « O Bibliothecario » pelo actor Eduardo Brazão... (3.º acto)"
/ cliché de Bobone (P.I. 4101 P.)$a10: "D. Fernando, da peça «Leonor Telles» pelo actor Eduardo Brazão... (2.º acto)"
/ cliché de Bobone (P.I. 4100 P.)$a11: "Luiz XI, pelo actor João Rosa (3.º acto)" / cliché de Bobone (P.I. 4099 P.)$a12: "Abbade Constantino, pelo actor João Rosa (1.º acto)" / cliché de Bobone (P.I.
4098 P.)$a13: "Abbade Constantino, pelo actor João Rosa (final do 4º acto)" / cliché de Bobone
(P.I. 4097 P.)$a14: "Abbade Freitas da peça «Alfageme de Santarem» pelo actor João Rosa (3.º acto)"
/ cliché de Bobone (P.I. 4096 P.)$a15: "D. Alvaro Vaz d'Almada, da peça «O Regente» pelo actor Augusto Rosa (7.º quadro)"
/ cliché de Bobone (P.I. 4095 P.)$a16: "D. Cesar de Bazan, pelo actor Augusto Rosa (1.º acto)" / cliché de Bobone (P.I.
4094 P.)$a17: "Fritz Cobers, da peça «O Amigo Fritz» pelo actor Augusto Rosa" (P.I. 4093 P.)$a18: "Advogado DeTournelles, da peça «M.elle la Seglière» pelo actor Augusto Rosa"
/ cliché de Bobone (P.I. 4092 P.)$a19: "Severa e Roza Engeitada por Acacia Reis, Rosa d'Oliveira na revista de Alfredo
de Mesquita e Camara Leme «Na ponta da unha»" (P.I. 4087 P.)$a20-31: Palmyra Bastos na «Viuvinha» (P.I. 4075 P. a P.I. 4086 P.)$a33-39: "Raios X" (P.I. 5196 P. a P.I. 5203 P.)$a40-42: "Tição Negro, farça lyrica de H. Lopes de Mendonça e Augusto Machado" (P.I.
5728 P. a P.I. 5730 P.)$a43-45: "Porfirio dos Velhos, pelo actor Augusto Antunes", "Bento, barbeiro dos Velhos
pelo actor Joaquim Costa", "O prior e o barbeiro dos Velhos pelos actores João Rosa
e Joaquim Costa" / cliché de Bobone (P.I. 5731 P., P.I. 30474 P., P.I. 30523 P.)$a46-50: "Senhor Rebello da peça Triste Viuvinha, pelo actor João Rosa" / cliché de
Arnaldo Fonseca (P.I. 5734 P. a P.I. 5738 P.)$a51-55: "Abbade Constantino, pelo actor João Rosa" / cliché de Arnaldo Fonseca (P.I.
5739 P. a P.I. 5743 P.)$a56-57: "Caseiro Domingos da peça Segredos de Confição, pelo actor João Rosa" / cliché
de Bobone (P.I. 5744 P., P.I. 5745 P.)$a58: "Luiz XI, pelo actor João Rosa" / cliché de Bobone (P.I. 5747 P.)$a59: "Freie Freylão, da peça Alfageme de Santarem, pelo actor João Rosa" / cliché de
Bobone (P.I. 5748 P.)$a60: "Luiz XI, pelo actor João Rosa" / cliché de Bobone (P.I. 5746 P.)$a61: "Conde de Castello Melhor, da peça Affonso VI, pelo actor João Rosa" / cliché
de Bobone (P.I. 5749 P.)$a62: "Marquez Saluce, da peça Grizelia, pelo actor João Rora [i.e. Rosa]" / cliché
de Bobone (P.I. 5750 P.)$a63:"Mestre D'Aviz, da peça Leonor Telles, pelo actor João Rosa"/ cliché de Bobone
(P.I. 5751 P.)$a64-78: "Venus" / cliché de Fernandes (P.I. 5752 P. a P.I. 5766 P.)$a79, 80, 82-87: "O Arenque Secco, pelo actor Augusto Mello" / cliché de Arnaldo Fonseca
(P.I. 5767 P. a P.I. 5774 P.)$a92: "Monsenhor, pelo actor Eduardo Brazão na peça Madrugada" / cliché de Bobone (P.I.
5775 P.)$a104: Paulo Patacas, da peça Os Velhos, pelo actor Eduardo Brazão" / cliché de Bobone
(P.I. 5776 P.)$a106-107: "Affonso Madeira, da peça Morta, pelo actor Eduardo Brazão" / cliché de Bobone
(P.I. 5777 P., P.I. 5778 P.)$a108: "Pedro Roiz, da peça O que morreu d'amor, pelo actor Eduardo Brazão" / cliché
de Bobone (P.I. 5779 P.)$a109: "Afageme de Santarem, pelo actor Eduardo Brazão"/ cliché de Bobone (P.I. 5780
P.)$a113: "Petronio, pelo actor Eduardo Brazão" / cliché de Coutinho (P.I. 5781 P.)$a114: "Manelique, pelo actor Eduardo Brazão" / cliché de Coutinho (P.I. 5782 P.)$a115: "Rabino, da peça O Amigo Fritz, pelo actor Eduardo Brazão" / cliché de Bobone
(P.I. 5783 P.)$a117: "Affonso VI, pelo actor Eduardo Brazão, pose no 1.º acto" / cliché de Bobone
(P.I. 5784 P.) 518 1# $aTeatro, Portugal 675 ## $a39(=1:469)(084.0)$vBN$zpor$31574865 675 ## $a792(=1:469)"190"(084.0)$vBN$zpor$31711014 675 ## $a792Antunes, Augusto(084.0)$vBN$zpor$31544709 675 ## $a929Antunes, Augusto(084.0)$vBN$zpor$31544708 675 ## $a792Brazão, Eduardo(084.0)$vBN$zpor$31500393 675 ## $a929Brazão, Eduardo(084.0)$vBN$zpor$31506638 675 ## $a792Costa, Joaquim(084.0)$vBN$zpor$31724264 675 ## $a929Costa, Joaquim(084.0)$vBN$zpor$31486744 675 ## $a792Damasceno,Rosa(084.0)$vBN$zpor$32000349 675 ## $a929Damasceno, Rosa(084.0)$vBN$zpor$31506790 675 ## $a929Rosa, Augusto(084.0)$vBN$zpor$31500251 675 ## $a792Rosa, Augusto(084.0)$vBN$zpor$31500252 675 ## $a792Rosa, João(084.0)$vBN$zpor$31543887 675 ## $a929Rosa, João(084.0)$vBN$zpor$31486743 675 ## $a792.5(469.411.16)"1906"(084.0)$vBN$zpor$31226582 675 ## $a792(469)"190"(084.0)$vBN$zpor$31486742 675 ## $a929Sala, Adela(084.0)$vBN$zpor$31423191 675 ## $a929Judith(084.0)$vBN$zpor$31724494 675 ## $a929Carvalho, Alfredo de(084.0)$vBN$zpor$31544391 675 ## $a929Antunes, Augusto(084.0)$vBN$zpor$31544708 675 ## $a929Alves, Henrique(084.0)$vBN$zpor$31544025 675 ## $a929Pinheiro, António(084.0)$vBN$zpor$31506594 675 ## $a929Oliveira, Josefa de(084.0)$vBN$zpor$31543831 675 ## $a929Neves, Cecília(084.0)$vBN$zpor$3443001 675 ## $a929Bastos, Palmira(084.0)$vBN$zpor$3313491 702 #1 $aFernandes,$bJ.,$ffl. 1903$4600$31226580 702 #1 $aFonseca,$bArnaldo da,$f1868-1940$4600$3115976 702 #1 $aBrasão,$bEduardo,$f1851-1925$4600$353574 702 #1 $aGuedes,$bPaulo Emílio,$f1886-1947$4650$31327239 702 #1 $aBobone,$bAugusto,$f1852-1910$4600$314796 801 #0 $aPT$bBN$gRPC 856 40 $uhttps://purl.pt/30368 856 41 $uhttps://purl.pt/30368/service/media/cover/low 856 49 $uhttps://purl.pt/30368/service/media/pdf$qapplication/pdf 958 ## $aBND$bLivre$cDigitalizado$d1$ehttps://purl.pt/30368/service/media/cover/max 966 ## $lBN$mICONOG$sP.I. 4074 P.$x7 966 ## $lBN$mICONOG$sP.I. 4075 P.$x7 966 ## $lBN$mICONOG$sP.I. 4076 P.$x7 966 ## $lBN$mICONOG$sP.I. 4077 P.$x7 966 ## $lBN$mICONOG$sP.I. 4078 P.$x7 966 ## $lBN$mICONOG$sP.I. 4079 P.$x7 966 ## $lBN$mICONOG$sP.I. 4080 P.$x7 966 ## $lBN$mICONOG$sP.I. 4081 P.$x7 966 ## $lBN$mICONOG$sP.I. 4082 P.$x7 966 ## $lBN$mICONOG$sP.I. 4083 P.$x7 966 ## $lBN$mICONOG$sP.I. 4084 P.$x7 966 ## $lBN$mICONOG$sP.I. 4085 P.$x7 966 ## $lBN$mICONOG$sP.I. 4086 P. 966 ## $lBN$mICONOG$sP.I. 4087 P.$x7 966 ## $lBN$mICONOG$sP.I. 4088 P.$x7 966 ## $lBN$mICONOG$sP.I. 4089 P.$x7 966 ## $lBN$mICONOG$sP.I. 4090 P.$x7 966 ## $lBN$mICONOG$sP.I. 4091 P.$x7 966 ## $lBN$mICONOG$sP.I. 4092 P.$x7 966 ## $lBN$mICONOG$sP.I. 4093 P.$x7 966 ## $lBN$mICONOG$sP.I. 4094 P.$x7 966 ## $lBN$mICONOG$sP.I. 4095 P.$x7 966 ## $lBN$mICONOG$sP.I. 4096 P.$x7 966 ## $lBN$mICONOG$sP.I. 4097 P.$x7 966 ## $lBN$mICONOG$sP.I. 4098 P.$x7 966 ## $lBN$mICONOG$sP.I. 4099 P.$x7 966 ## $lBN$mICONOG$sP.I. 4100 P.$x7 966 ## $lBN$mICONOG$sP.I. 4101 P.$x7 966 ## $lBN$mICONOG$sP.I. 4102 P.$x7 966 ## $lBN$mICONOG$sP.I. 4103 P.$x2 966 ## $lBN$mICONOG$sP.I. 5196 P.$x7 966 ## $lBN$mICONOG$sP.I. 5197 P.$x7 966 ## $lBN$mICONOG$sP.I. 5198 P.$x7 966 ## $lBN$mICONOG$sP.I. 5199 P.$x7 966 ## $lBN$mICONOG$sP.I. 5200 P.$x7 966 ## $lBN$mICONOG$sP.I. 5201 P.$x7 966 ## $lBN$mICONOG$sP.I. 5202 P.$x7 966 ## $lBN$mICONOG$sP.I. 5203 P.$x7 966 ## $lBN$mICONOG$sP.I. 5728 P.$x7 966 ## $lBN$mICONOG$sP.I. 5729 P.$x7 966 ## $lBN$mICONOG$sP.I. 5730 P.$x7 966 ## $lBN$mICONOG$sP.I. 5731 P. 966 ## $lBN$mICONOG$sP.I. 5733 P.$x6 966 ## $lBN$mICONOG$sP.I. 5734 P.$x7 966 ## $lBN$mICONOG$sP.I. 5735 P.$x7 966 ## $lBN$mICONOG$sP.I. 5736 P.$x7 966 ## $lBN$mICONOG$sP.I. 5737 P.$x7 966 ## $lBN$mICONOG$sP.I. 5738 P.$x7 966 ## $lBN$mICONOG$sP.I. 5739 P.$x7 966 ## $lBN$mICONOG$sP.I. 5740 P.$x7 966 ## $lBN$mICONOG$sP.I. 5741 P.$x7 966 ## $lBN$mICONOG$sP.I. 5742 P.$x7 966 ## $lBN$mICONOG$sP.I. 5743 P.$x7 966 ## $lBN$mICONOG$sP.I. 5744 P.$x7 966 ## $lBN$mICONOG$sP.I. 5745 P.$x7 966 ## $lBN$mICONOG$sP.I. 5746 P.$x7 966 ## $lBN$mICONOG$sP.I. 5747 P.$x7 966 ## $lBN$mICONOG$sP.I. 5748 P.$x7 966 ## $lBN$mICONOG$sP.I. 5749 P.$x7 966 ## $lBN$mICONOG$sP.I. 5750 P.$x7 966 ## $lBN$mICONOG$sP.I. 5751 P.$x7 966 ## $lBN$mICONOG$sP.I. 5752 P.$x6 966 ## $lBN$mICONOG$sP.I. 5753 P. 966 ## $lBN$mICONOG$sP.I. 5754 P. 966 ## $lBN$mICONOG$sP.I. 5755 P. 966 ## $lBN$mICONOG$sP.I. 5756 P. 966 ## $lBN$mICONOG$sP.I. 5757 P. 966 ## $lBN$mICONOG$sP.I. 5758 P. 966 ## $lBN$mICONOG$sP.I. 5759 P. 966 ## $lBN$mICONOG$sP.I. 5760 P. 966 ## $lBN$mICONOG$sP.I. 5761 P. 966 ## $lBN$mICONOG$sP.I. 5762 P. 966 ## $lBN$mICONOG$sP.I. 5763 P. 966 ## $lBN$mICONOG$sP.I. 5764 P. 966 ## $lBN$mICONOG$sP.I. 5765 P. 966 ## $lBN$mICONOG$sP.I. 5766 P. 966 ## $lBN$mICONOG$sP.I. 5767 P.$x7 966 ## $lBN$mICONOG$sP.I. 5768 P.$x7 966 ## $lBN$mICONOG$sP.I. 5769 P.$x7 966 ## $lBN$mICONOG$sP.I. 5770 P.$x7 966 ## $lBN$mICONOG$sP.I. 5771 P.$x7 966 ## $lBN$mICONOG$sP.I. 5772 P.$x7 966 ## $lBN$mICONOG$sP.I. 5773 P.$x7 966 ## $lBN$mICONOG$sP.I. 5774 P.$x7 966 ## $lBN$mICONOG$sP.I. 5775 P.$x7 966 ## $lBN$mICONOG$sP.I. 5776 P.$x7 966 ## $lBN$mICONOG$sP.I. 5777 P.$x7 966 ## $lBN$mICONOG$sP.I. 5778 P.$x7 966 ## $lBN$mICONOG$sP.I. 5779 P.$x7 966 ## $lBN$mICONOG$sP.I. 5780 P.$x7 966 ## $lBN$mICONOG$sP.I. 5781 P.$x7 966 ## $lBN$mICONOG$sP.I. 5782 P.$x7 966 ## $lBN$mICONOG$sP.I. 5783 P.$x7 966 ## $lBN$mICONOG$sP.I. 5784 P.$x7 966 ## $lBN$mICONOG$sP.I. 30294 P.$x7 966 ## $lBN$mICONOG$sP.I. 30473 P. 966 ## $lBN$mICONOG$sP.I. 30474 P.$x2
Etiqueta de registo: 00254nbm 2200025 450 001 2157688 003 http://id.bnportugal.gov.pt/bib/catbnp/2157688 100 ## $a20240222g18761898k y0pory01030103ba 101 0# $apor 102 ## $aPT 105 ## $ay z 000yy 106 ## $ah 200 1# $a [ Cartas de Eduardo Brasão a António Ennes acerca das peças em exibição no Teatro
D. Maria II e da sua recepção pelo público entre outros assuntos do teatro]$bManuscrito] 210 #9 $d1876-1898 215 ## $a[8] f.$d27 cm 300 ## $aOriginais autógrafos 303 ## $aIntegra um maço de correspondência, original, de várias personalidades ao Conselheiro
António Ennes, nomeadamente de Renato Baptista, José Baptista de Andrade, Henrique
de Barahona, M. Barbosa do Bocage, J. Barbosa Colen, Henrique de Barros Gomes, Eduardo
Barros Lobo, Francisco Beirrão, Olavo Bilac, Carlos Bocage, Fernão Boto Machado, Teófilo
Braga, entre outros (MSS. 146, n. 108-270) 307 ## $aPapel timbrado "Sociedade de Artistas Dramáticos Empresaria do theatro de D. Maria
II. Gabinete da Gerência" (MSS. 146, n. 256); papel timbrado com três distintos monogramas
de Eduardo Brasão (MSS. 146, n. 257-259) 307 ## $aMSS. 146, n. 256 vai assinada por Eduardo Brasão, João Rosa e um terceiro signatário
enquanto representantes da gerência do Teatro D. Maria II 327 11 $aConjunto de 4 cartas de Eduardo Brasão a António Ennes acerca das peças em exibição
no Teatro D. Maria II e da sua recepção pelo público entre outros assuntos do teatro;
MSS. 146, n. 257 refere-se ao sucesso da peça de autoria de António Enes "Enjeitados"
e menciona ainda a "Lazaristas" 620 ## $dLisboa 700 #1 $aBrasão,$bEduardo,$f1851-1925$353574 702 #1 $aEnnes,$bAntónio,$f1848-1901$4660$357031 801 #0 $aPT$bBN$gRPC 966 ## $lBN$mRESMAN$sMSS. 146, n. 256-259 $x2 971 ## $ccasilva$d20240222 997 ## $aBIBEOD
Etiqueta de registo: 00254nkm 2200109 450 001 2205035 003 http://id.bnportugal.gov.pt/bib/catbnp/2205035 100 ## $a20250213f19021903am y0pory01030103ba 101 0# $aporfr eng$afre 102 ## $aPT 200 1# $a Uma paysagem do Gradil, Mafra, Portugal$bVisual gráfico]$d Une paysage du Gradil, Mafra, Portugal$fcliché de E. Brazão$zfre 210 #9 $a[Lisboa$cPaulo Emílio Guedes,$dentre 1902 e 1903] 215 ## $a1 postal$cp&b$d9x14 cm 225 2# $aMafra [ Paulo Guedes & Saraiva]$v3 225 2# $aPortugal [ Paulo Guedes & Saraiva]$v250 300 ## $aDatação a partir das referências externas 306 ## $aIdentificação do editor a partir de monograma 316 ## $aPostal não circulado 321 1# $aVicente de Sousa - Portugal no 1.º quartel do séc. XX documentado pelo bilhete postal
ilustrado. Bragança: CM, 1985, p. 34 321 1# $aCatalogo dos bilhetes postaes illustrados de Paulo Guedes & Saraiva. Lisboa: Pap.
e Typ. de Paulo Guedes & Saraiva, 1905, p. 25 510 1# $a Une paysage du Gradil, Mafra, Portugal$zfre 518 1# $a Uma paisagem do Gradil, Mafra, Portugal 675 ## $a908(469.411Mafra)"190"(084.0)$vBN$zpor$31603184 702 #1 $aGuedes,$bPaulo Emílio,$f1886-1947$4650$31327239 702 #1 $aBrasão,$bEduardo,$f1851-1925$4600$353574 801 #0 $aPT$bBN$gRPC 966 ## $lBN$mICONOG$sP.I. 5067 P.$x7 971 ## $cfpinelo$d20250213 972 ## $d20250325$vcvalente$e1$z1 976 ## $d20251016$rmferro
Etiqueta de registo: 00254nkc 2200109 450 001 2228987 003 http://id.bnportugal.gov.pt/bib/catbnp/2228987 100 ## $a20251016f19001903m--y0pory01030103ba 101 0# $apor 102 ## $aPT 200 1# $aMafra$bVisual gráfico] 210 #9 $a[Lisboa$cPaulo Guedes & Saraiva,$d1900-1903?] 215 ## $a3 postais$cp&b$d14x9 cm ou 9x14 cm 225 2# $aMafra [ Paulo Guedes & Saraiva]$v1-3 225 2# $aPortugal [ Paulo Guedes & Saraiva]$v85$v88$v250 300 ## $aDatação a partir das referências externas 300 ## $aCatalogação analítica dos exemplares repetidos (n.º 1-3) 306 ## $aIdentificação do editor a partir de monograma 307 ## $aA série apresenta dissimilitudes relativamente à disposição iconográfica/textual,
representação gráfica postal e identificação do editor 307 ## $a"Vende-se na Papelaria La Bécarre, R.N. do Almada, 47 - Lisboa" (n.º 1 e 2) 316 ## $aPostais não circulados 316 ## $aLacuna do suporte, margem direita$5PTBN: P.I. 30354 P. 321 1# $aVicente de Sousa - Portugal no 1.º quartel do séc. XX documentado pelo bilhete postal
ilustrado. Bragança: CM, 1985, p. 34 321 1# $aCatalogo dos bilhetes postaes illustrados de Paulo Guedes & Saraiva. Lisboa: Pap.
e Typ. de Paulo Guedes & Saraiva, 1905, p. 25 327 11 $a1: Bibliotheca (P.I. 30353 P.)$a2: Galeria da Egreja (P.I. 30354 P.)$a3: Uma paysagem do Gradil / cliché E. Brazão (P.I. 30355 P.) 675 ## $a726.54(469.411Mafra)"190"(084.0)$vBN$zpor$31945160 700 #1 $aBrasão,$bEduardo,$f1851-1925$4600$353574 702 #1 $aGuedes,$bPaulo Emílio,$f1886-1947$4650$31327239 801 #0 $aPT$bBN$gRPC 966 ## $lBN$mICONOG$sP.I. 30353 P.$x7 966 ## $lBN$mICONOG$sP.I. 30354 P.$x7 966 ## $lBN$mICONOG$sP.I. 30355 P.$x7 971 ## $cmferro$d20251016
Etiqueta de registo: 00254nkm 2200109 450 001 1988278 003 http://id.bnportugal.gov.pt/bib/catbnp/1988278 100 ## $a20180416f19021903am y0pory01030103ba 101 0# $apor 102 ## $aPT 200 1# $aOnze papeis do Brazão, Theatro, Portugal$bVisual gráfico]$fcliché Brazão 210 #9 $a[Lisboa$cPaulo Emilio Guedes,$dca 1902] 215 ## $a1 postal$cp&b$d14,5x9 cm 225 2# $aTheatro [ Paulo Guedes & Saraiva]$v1 225 2# $aPortugal [ Paulo Guedes & Saraiva]$v189 306 ## $aIdentificação do editor a partir de monograma 306 ## $aDatação em conformidade com as referências externas 316 ## $aPostal não circulado 321 1# $aCatalogo dos bilhetes postaes illustrados de Paulo Guedes & Saraiva. Lisboa: Pap.
e Typ. de Paulo Guedes & Saraiva, 1905, p. 42 321 1# $aVicente de Sousa - Portugal no 1.º quartel do séc. XX documentado pelo bilhete postal
ilustrado. Bragança: CM, 1985, p. 34 330 ## $aOnze retratos de diversas interpretações do ator Eduardo Joaquim Brazão 517 1# $aOnze papeis do ator Brazão, Teatro, Portugal 675 ## $a39(=1:469)(084.0)$vBN$zpor$31574865 675 ## $a792(=1:469)(084.0)$vBN$zpor$31710906 675 ## $a792Brazão, Eduardo(084.0)$vBN$zpor$31500393 675 ## $a929Brazão, Eduardo(084.0)$vBN$zpor$31506638 702 #1 $aBrasão,$bEduardo,$f1851-1925$4600$353574 702 #1 $aGuedes,$bPaulo Emílio,$f1886-1947$4650$31327239 801 #0 $aPT$bBN$gRPC 966 ## $lBN$mICONOG$sP.I. 30109 P.$x7 972 ## $d20260617$vcvalente$e0$z0 976 ## $d20260611$rmferro 997 ## $aBIBEOD
|
|
|